000 01109nam a22002657a 4500
005 20240530110507.0
008 151012s2010 ua f b 000 0 ara d
017 _a2827
_bمصر . دار الكتب المصرية
020 _a9789773143735
040 _aEG-CaGPL
082 0 4 _221
_a616.89\
_bح إ
100 0 _aحسن مصطفى عبدالمعطى
245 1 2 _aالاضطرابات الانفعالية و السلوكية لذوى الاحتياجات الخاصة /
_cحسن مصطفى عبدالمعطى ، السيد عبدالحميد ابوقلة
250 _aط1
260 _aالقاهرة :
_bمكتبة زهراء الشرق ،
_c2010 .
300 _a531 ص ؛
_c24 سم .
504 _aيشتمل على ارجاعات ببليوجرافية
650 0 4 _aالاضطرابات
650 0 4 _aالمعوقون
_xالاضطرابات
650 0 4 _aالعقل
_xالاضطرابات
650 0 4 _aالانفعالات النفسية
700 0 _aالسيد عبدالحميد ابوقلة
_dمؤلف مشارك
942 _2ddc
_cBK
999 _c61585
_d61585